Countries in Austrian Empire in 1808 - Statistics

General Stats
  • This quiz has been taken 199 times
  • The average score is 13 of 14
Answer Stats
Percent Estimation Answer % Correct
- 90 Austria
98%
- 100 Hungary
97%
- 100 Czech Republic
96%
- 100 Slovakia
96%
- 25 Poland
95%
- 100 Croatia
94%
- 1 Germany
94%
- 7 Italy
94%
- 50 Romania
94%
- 30 Serbia
91%
- 100 Slovenia
91%
- 8 Ukraine
89%
- 1 Switzerland
80%
- 100 Liechtenstein
70%
No matching quizzes found
Score Distribution
Percent of People with Each Score
Percentile by Number Answered
Your Score History
You have not taken this quiz